000 00982nam a22003017a 4500
001 4880
003 FISKH
005 20250703110452.0
008 241022b cb ||||| |||| 00| 0 eng d
020 _a9780142411766
040 _aFISKH
_beng
_cFISKH
_dFISKH
050 _aPZ7.A2615
082 _a490
100 _aA.Adler, David
_d(1947–)
245 _aYoung cam jansen and the lions' lunch mystery /
_cBy David A. Adler illustrated by Susanna Natti
250 _aPublished in 2007
260 _aNew York :
_bPenguin Young,
_c2008.
300 _a31 pages :
_bcolor illustrations ;
_c23 cm
505 _aJ
520 _aOn a field trip to the zoo, Cam Jansen uses her photographic memory to help solve what happened to Danny's lunch.
521 8 _a480L
_bLexile
521 8 _aJ
_bRaz-Plus
650 _2Realistic fiction
_aMystery
_vEasy reader
650 _2Memory
_aCam Jansen
700 _aNatti, Susanna
_dillustrator
942 _2ddc
_cBK
_n0
999 _c4880
_d4880